Largest 'G' Urban Areas in Asia Quiz Stats

Quiz not verified by Sporcle

Challenge
Share
Tweet
Embed
Score 0/14 Timer 10:00
0 Plays Today
Population Urban Area % Correct
18,316,000Guangzhou
97.9%
725,000Gaza
89.5%
1,303,000Gaziantep
60%
2,800,000Guiyang
50.5%
1,485,000Gwangju
50.5%
1,914,000Gujranwala
47.4%
1,177,000Gwalior
37.9%
Population Urban Area % Correct
1,037,000Guwahati
33.7%
921,000Guilin
32.6%
600,000Ganzhou
17.9%
693,000Gorakhpur
13.7%
674,000Guntur
10.5%
550,000Guigang
7.4%
540,000Gulbarga
7.4%

You're not logged in!

Compare scores with friends on all Sporcle quizzes.
Sign Up with Email
OR
Log In

You Might Also Like...

Show Comments

Extras

Top Quizzes Today


Score Distribution

Your Account Isn't Verified!

In order to create a playlist on Sporcle, you need to verify the email address you used during registration. Go to your Sporcle Settings to finish the process.